000 00652nam a2200277Ia 4500
005 20260324145219.0
008 008 260324s9999 xx 000 0 eng d
020 _a9780429049644
037 _aEBOOK
040 _aCRL
040 _beng
040 _cCRL
041 _2eng
041 _aeng
084 _qCRL
100 _aLuiz Bresser Pereira
_91222161
245 0 _aDevelopment And Crisis In Brazil, 1930-1983
260 _bTaylor and Francis
260 _c1984
365 _a
365 _b230
856 _uhttp://www.taylorfrancis.com/books/9780429049644
942 _cEBOOK
999 _c1829760
_d1829760